Szczegóły MARC21

A companion to medieval English literature and culture : c. 1350-c.1500 /

003 -Nazwa inst., której nr kontr. jest w polu 001 [,]
    • @
    • Nazwa instytucji, której n kontrolny jest w polu 001
    • NUKAT
005 -DATA I CZAS OSTATNIEJ MODYFIKACJI [,]
    • @
    • pole kontrolne
    • 20241231100233.0
020 -Międzynarod. znormalizowany nr książki - ISBN [ , ]
    • a
    • Numer ISBN
    • 9781405195522 Find
    • q
    • Dopowiedzenie
    • : (pbk.
020 -Międzynarod. znormalizowany nr książki - ISBN [ , ]
    • a
    • Numer ISBN
    • 9780631219736 Find
    • q
    • Dopowiedzenie
    • hbk, alk. paper
040 -Instytucja sporządzająca opis [ , ]
    • a
    • Instytucja, która sporządziła opis (NP)
    • WA U/50ATP
    • c
    • Instytucja, która sporządziła rekord (NP)
    • WA U/ATP
    • d
    • Instytucja, która zmodyfikowała rekord (P)
    • WA U/ATPs
942 -Rodzaj dokumentu [ , ]
    • c
    • Rodzaj dokumentu
    • Książka
245 -Strefa tytułu i oznaczenia odpowiedzialności [0,2]
    • a
    • Tytuł
    • A companion to medieval English literature and culture : Find
    • b
    • Ciąg dalszy tytułu (NP)
    • c. 1350-c.1500 / Find
    • c
    • Pozostałe elementy strefy tytułu i oznaczenia odpowiedzialności (NP)
    • ed. by Peter Brown.
260 -Strefa adresu wydawniczego [ , ]
    • a
    • Miejsce wydania (P)
    • Malden etc. :
    • b
    • Nazwa wydawcy (P)
    • Wiley-Blackwell,
    • c
    • Data wydania (P)
    • 2009.
300 -Strefa opisu fizycznego [ , ]
    • a
    • Określenie formy książki i/lub objętość (NP)
    • XVII, 668 s. ;
    • c
    • Format (NP)
    • 25 cm.
336 -Typ zawartości [ , ]
    • a
    • Termin opisujący typ zawartości
    • Tekst
    • b
    • Kod określający zawartość
    • txt
    • 2
    • Źródło (terminu i kodu)
    • rdacontent
337 -Typ mediów [ , ]
    • a
    • Tryb odtwarzania
    • Bez urządzenia pośredniczącego
    • b
    • Kod typu mediów
    • n
    • 2
    • Źródło (terminu i kodu)
    • rdamedia
338 -Typ/rodzaj nośnika [ , ]
    • a
    • Hasło opisujące typ nośnika
    • Wolumin
    • b
    • Kod typu nośnika
    • nc
    • 2
    • Źródło (terminu i kodu)
    • rdacarrier
490 -Strefa serii i książki wielotomowej - forma nie do wyszukiwania [1, ]
    • a
    • Tytuł (P)
    • Blackwell Companions to Literature and Culture ; Find
    • v
    • Numeracja (P)
    • 42
830 -Hasło dodatkowe serii i opisu książki wielotomowej - tytuł ujednolicony/tytuł [ ,0]
    • a
    • Tytuł ujednolicony/tytuł (NP)
    • Blackwell Companions to Literature and Culture
    • v
    • Oznaczenie tomu (NP)
    • 42
    • 9
    • KHW
    • 645828
504 -Uwaga dot. bibliogr. załącznikowej [ , ]
    • a
    • Uwaga dot. bibliografii załącznikowej
    • Bibliogr. przy rozdz. Indeks.
080 -Uniwersalna Klasyfikacja Dziesiętna [ , ]
    • 2
    • Identyfikator wydania tablic
    • UDC-P058
    • 9
    • UKD
    • 8765
    • a
    • Symbol klasyfikacji
    • 821.111(091)
    • b
    • Dopowiedzenie
    • Literatura angielska (historia).
    • 4
    • UKD2
    • 7644
    • x
    • Poddział wspólny
    • =111
    • c
    • Dopowiedzenie poddz. wspólnego
    • =Język angielski.
    • 4
    • UKD2
    • 14318
    • x
    • Poddział wspólny
    • "13/15"
    • c
    • Dopowiedzenie poddz. wspólnego
    • Wiek XIV/XVI.
080 -Uniwersalna Klasyfikacja Dziesiętna [ , ]
    • 2
    • Identyfikator wydania tablic
    • UDC-P058
    • 9
    • UKD
    • 14320
    • a
    • Symbol klasyfikacji
    • 94(410)::008
    • b
    • Dopowiedzenie
    • Historia kultury angielskiej.
    • 4
    • UKD2
    • 7644
    • x
    • Poddział wspólny
    • =111
    • c
    • Dopowiedzenie poddz. wspólnego
    • =Język angielski.
    • 4
    • UKD2
    • 14318
    • x
    • Poddział wspólny
    • "13/15"
    • c
    • Dopowiedzenie poddz. wspólnego
    • Wiek XIV/XVI.
650 -Hasło przedmiotowe [ ,7]
    • a
    • Hasło przedmiotowe
    • Literatura angielska
    • y
    • Określnik chronologiczny
    • 1100-1500 (średnioangielska)
    • x
    • Określnik rzeczowy
    • historia i krytyka.
    • 2
    • Źródło terminu
    • kaba
    • 9
    • KHW
    • 411501
651 -Hasło przedmiotowe w formie nazwy geograficznej [ ,7]
    • a
    • Nazwa geograficzna
    • Wielka Brytania
    • y
    • Określnik chronologiczny
    • 1066-1688.
    • 2
    • Źródło terminu
    • kaba
    • 9
    • KHW
    • 135447
651 -Hasło przedmiotowe w formie nazwy geograficznej [ ,7]
    • a
    • Nazwa geograficzna
    • Wielka Brytania
    • x
    • Określnik rzeczowy
    • życie intelektualne
    • y
    • Określnik chronologiczny
    • 1066-1500.
    • 2
    • Źródło terminu
    • kaba
    • 9
    • KHW
    • 135442
980 -Symbol UKD [ , ]
    • a
    • UKD
    • 821.111(091):94(410)::008]"1350/1500"=111
700 -Hasło dodatkowe - nazwa osobowa [1, ]
    • a
    • Nazwa osobowa (NP)
    • Brown, Peter Find
    • d
    • Daty biograficzne (NP)
    • (1935- ).
    • e
    • Określenie rodzaju współpracy
    • Red.
    • 9
    • KHW
    • 10166
920 -ISBN [ , ]
    • a
    • ISBN
    • 978-1-405-19552-2 Find
    • q
    • Dopowiedzenie
    • : (pbk.
920 -ISBN [ , ]
    • a
    • ISBN
    • 978-0-6312-1973-6 Find
    • q
    • Dopowiedzenie
    • hbk, alk. paper
Numer inwentarzowy Status udost. Lokalizacja Data inwentaryzacji Sygnatura
A.86291BM2010-04-23ANG. Lit. ang. -średniowiecze 02